[Event "Jesenik op-B"]
[Site "Jesenik"]
[Date "2024.08.22"]
[Round "6"]
[White "Chudacek, Vladimir"]
[Black "Fadrny, Jachym"]
[Result "0-1"]
[WhiteElo "1807"]
[BlackElo "1665"]
[PlyCount "56"]
[EventDate "2024.08.17"]
[EventType "swiss"]
[EventRounds "9"]
[EventCountry "CZE"]
[SourceTitle "EXT 2025"]
[Source "ChessBase"]
[SourceDate "2024.10.14"]
[SourceVersion "1"]
[SourceVersionDate "2024.10.14"]
[SourceQuality "1"]

1. e4 c5 2. Nf3 Nc6 3. d4 cxd4 4. Nxd4 a6 5. Nc3 e6 6. Be2 Be7 7. 0-0 Qc7 8. Be3 Nf6 9. h3 0-0 10. f4 Bb4 11. e5 Bxc3 12. exf6 Bxb2 13. fxg7 Rd8 14. Rb1 Bxd4 15. Bxd4 Nxd4 16. Qxd4 d5 17. Qf6 Re8 18. Bd3 Qe7 19. Qc3 f6 20. Rf3 Kxg7 21. Rg3+ Kh8 22. Rg4 e5 23. Rh4 e4 24. Rb6 exd3 25. Rxf6 Qe1+ 26. Qxe1 Rxe1+ 27. Kh2 dxc2 28. Rf7 Bf5 0-1